| 000 | 00542nam a2200193Ia 4500 | ||
|---|---|---|---|
| 003 | GCL | ||
| 008 | 140319s9999 xx 000 0 eng d | ||
| 040 |
_aGCL / _cGCL |
||
| 082 | 0 | 4 |
_aREF _b004.03 _bD W |
| 100 | 1 | _aBOSTON, LOUISE | |
| 245 | 1 | 0 |
_aWEBSTER'S NEW WORLD DICTIONARY OF COMPUTER TERMS / _cBOSTON, LOUISE |
| 700 | 1 | _aDARCY, LAURA | |
| 260 |
_aنيويورك : _bSIMON & SCHUS TER, INC ، _c1986 |
||
| 300 |
_a20 CM ؛ _c412 P |
||
| 650 | 0 | 4 | _aCOMPUTER |
| 650 | 0 | 4 | _aDICTIONARIES |
| 650 | 0 | 4 | _aCOMPUTER - TERMS |
| 942 |
_2ddc _cREF |
||
| 999 |
_c26581 _d26581 |
||